Atlas of Microscopic Anatomy: a companion to histology and neuroanatomy (Record no. 95)
[ view plain ]
| 000 -LEADER | |
|---|---|
| fixed length control field | 00647cam a2200217 4500 |
| 001 - CONTROL NUMBER | |
| control field | 1244425 |
| 003 - CONTROL NUMBER IDENTIFIER | |
| control field | OSt |
| 005 - DATE AND TIME OF LATEST TRANSACTION | |
| control field | 20220411092419.0 |
| 008 - FIXED-LENGTH DATA ELEMENTS--GENERAL INFORMATION | |
| fixed length control field | 740214s1974 paua 001 0 eng |
| 010 ## - LIBRARY OF CONGRESS CONTROL NUMBER | |
| LC control number | 72088844 |
| 020 ## - INTERNATIONAL STANDARD BOOK NUMBER | |
| International Standard Book Number | 0721616879 |
| 040 ## - CATALOGING SOURCE | |
| Original cataloging agency | DLC |
| Transcribing agency | DLC |
| Modifying agency | DLC |
| 050 00 - LIBRARY OF CONGRESS CALL NUMBER | |
| Classification number | QS4 B456a 1974 |
| 100 1# - MAIN ENTRY--PERSONAL NAME | |
| Personal name | Bergman, Ronald A.; Afifi, Adel K. |
| 9 (RLIN) | 272 |
| 245 10 - TITLE STATEMENT | |
| Title | Atlas of Microscopic Anatomy: a companion to histology and neuroanatomy |
| 260 ## - PUBLICATION, DISTRIBUTION, ETC. (IMPRINT) | |
| Place of publication, distribution, etc. | Philadelphia, |
| Name of publisher, distributor, etc. | Saunders, |
| Date of publication, distribution, etc. | 1974. |
| 300 ## - PHYSICAL DESCRIPTION | |
| Extent | vi, 426 p; |
| Other physical details | col. ill: |
| Dimensions | 27 cm. |
| 650 #0 - SUBJECT ADDED ENTRY--TOPICAL TERM | |
| Topical term or geographic name as entry element | Histology |
| General subdivision | Atlases. |
| 9 (RLIN) | 273 |
| 906 ## - LOCAL DATA ELEMENT F, LDF (RLIN) | |
| a | 7 |
| b | cbc |
| c | orignew |
| d | 2 |
| e | opcn |
| f | 19 |
| g | y-gencatlg |
| 942 ## - ADDED ENTRY ELEMENTS (KOHA) | |
| Source of classification or shelving scheme | Other/Generic Classification Scheme |
| Koha item type | Open Shelf |
| Withdrawn status | Lost status | Source of classification or shelving scheme | Damaged status | Not for loan | Home library | Current library | Date acquired | Source of acquisition | Inventory number | Total Checkouts | Full call number | Barcode | Date last seen | Price effective from | Koha item type |
|---|---|---|---|---|---|---|---|---|---|---|---|---|---|---|---|
| Other/Generic Classification Scheme | MUST Main Library | MUST Main Library | 01/07/2014 | 00/9939 | QS4 B456a 1974 | 2014-0123 | 01/07/2014 | 01/07/2014 | Open Shelf |
